Pokemon starting with the letter Y - Statistics

General Stats
  • This quiz has been taken 20 times
  • The average score is 4 of 6
Answer Stats
Hint Answer % Correct
6 Yveltal
100%
5 Yamask
85%
8 Yamper
69%
2 Yanma
69%
4 Yanmega
62%
7 Yungoos
54%
No matching quizzes found
Score Distribution
Percent of People with Each Score
Percentile by Number Answered
Your Score History
You have not taken this quiz